000 00411pab a2200157 454500
008 180718b2006 xxu||||| |||| 00| 0 eng d
100 _aDixit, P.K. et al.
245 _aEconomic analysis of milk production in Kerala - a spatial analysis
260 _c2006
300 _ap.405-16.
362 _aDec
650 _aMilk -India - Kerala
650 _aMilk
773 _aAsian Economic Review
909 _a73090
999 _c73090
_d73090